000 00196nam a22000977a 4500
082 _aTRA
100 _aTraister John
245 _aElectrical applications guide book
300 _a1979
942 _cBK
999 _c11870
_d11870